|
|
|
|
| LEADER |
01295ppm a22003738a 4500 |
| 001 |
00036361 |
| 005 |
20171026081025.0 |
| 008 |
170227s2016 ||||||Viesd |
| 041 |
0 |
# |
|a Vie
|
| 082 |
1 |
4 |
|a 495.922
|b NGH305C
|
| 100 |
1 |
# |
|a Trần Hoàng Anh
|
| 245 |
1 |
0 |
|a Nghiên cứu từ ngữ nghề nghiệp nghề cá vùng Đồng Tháp Mười
|b Luận án tiến sĩ Ngữ Văn. Chuyên ngành: Ngôn Ngữ Việt Nam. Mã số: 62 22 01 02
|c Trần Hoàng Anh; Hướng dẫn: Hoàng Trọng Canh; Đặng Lưu
|
| 260 |
# |
# |
|a Vinh
|b Đại Học Vinh
|c 2016
|
| 300 |
# |
# |
|a 160tr.
|c 30 cm.
|
| 490 |
0 |
# |
|a ĐTTTS ghi: Bộ giáo dục và đào tạo. Đại học Vinh
|
| 653 |
# |
# |
|a Luận án
|
| 653 |
# |
# |
|a Đồng Tháp
|
| 653 |
# |
# |
|a Việt Nam
|
| 653 |
# |
# |
|a Ngôn ngữ Việt Nam
|
| 653 |
# |
# |
|a Nghề cá
|
| 700 |
1 |
# |
|a Hoàng Trọng Canh
|e Hướng dẫn
|
| 700 |
1 |
# |
|a Đặng Lưu
|e Hướng dẫn
|
| 852 |
# |
# |
|j LA.0000073
|
| 852 |
# |
# |
|b Kho đọc SĐH
|j LA.0000073
|
| 910 |
0 |
# |
|d 27/02/2017
|
| 980 |
# |
# |
|a Trung tâm Học liệu Lê Vũ Hùng, Trường Đại học Đồng Tháp
|